000 00889nam a2200253 i 4500
001 169304
003 ES-MaACL
005 20260203063033.0
008 080829s2007 sp |||| | spa d
017 _aM-41.124-2007
020 _a978-84-7522-654-5
080 _a821.111(417)-14"19"
100 1 _aHeaney, Seamus,
_d1939-2013
_9166173
245 1 0 _aDistrito y circular
_b= District and circle /
_cSeamus Heaney ; traducción, prólogo y notas de Dámaso López García.
246 1 _aDistrict and circle.
260 _aMadrid :
_bVisor Libros,
_c2007.
300 _a192 p. ;
_c20 cm.
490 1 _aColección Visor de poesía ;
_v654
546 _aTexto en inglés y traducción en español.
700 1 _aLópez García, Dámaso.
_973659
830 0 _aColección Visor de poesía
_v654
_9177331
852 4 _aES-MaACL
_jL-29662
_9R.142924
999 _c169304
_d169304